| 000 | 00871cam a2200277Ma 4500 | ||
|---|---|---|---|
| 001 | 10536981 | ||
| 003 | ARRUPE | ||
| 005 | 20140505131337.0 | ||
| 008 | 100609t19661960maua b 001 0 eng d | ||
| 035 | _a(OCoLC)ocn639624371 | ||
| 035 | _a(OCoLC)639624371 | ||
| 040 |
_aUWW _beng _cUWW _dOL$ _dOCLCO |
||
| 049 | _aZCUA | ||
| 050 | 1 | 4 |
_aNA1053.J4 _bB54 1960 |
| 082 | 0 | 4 |
_a720.924 _219 |
| 100 | 1 |
_aBlake, Peter, _d1920-2006. _910057 |
|
| 245 | 1 | 0 |
_aLe Corbusier : _barchitecture and form / _cby Peter Blake. |
| 260 |
_aBaltimore : _bPenguin Books, _c1966, c1960. |
||
| 300 |
_a159 p. : _bill. ; _c20 cm. |
||
| 490 | 0 |
_aPelican books ; _vA605 |
|
| 504 | _aIncludes bibliographical references and index. | ||
| 600 | 0 | 0 |
_aLe Corbusier, _d1887-1965. _910058 |
| 650 | 0 |
_aArchitects _zFrance _vBiography. _910059 |
|
| 942 |
_2lcc _cMONOGRAPH |
||
| 948 | 1 |
_a20131111 _bc _crhg9 _dOSMC |
|
| 999 |
_c120456 _d120456 |
||